000
00208nam a22000857a 4500
008
161126b xxu||||| |||| 00| 0 eng d
100
_9
1456
_a
Kumar.A.
245
_a
Biology-XII
260
_a
New Delhi
_b
S. Chand
_c
2012
999
_c
4181
_d
4181